[Event "Team Championship (women blitz)"]
[Site "Sochi"]
[Date "2017.10.05"]
[Round "7.4"]
[White "Travkina, Anastasia"]
[Black "Gritsayeva, Oksana"]
[Result "0-1"]
[LiveChessVersion "1.4.8"]
[BlackElo "2216"]
[WhiteElo "2099"]

1. e4 {[%clk 0:03:03]} g6 {[%clk 0:03:04]} 2. d4 Bg7 3. Nc3 {[%clk 0:03:05]} c6
{[%clk 0:03:06]} 4. h3 {[%clk 0:03:06]} d5 {[%clk 0:03:07]} 5. e5
{[%clk 0:03:07]} h5 {[%clk 0:03:03]} 6. Bf4 {[%clk 0:03:06]} Nh6 {[%clk 0:02:55]}
7. Qd2 {[%clk 0:03:06]} Nf5 {[%clk 0:02:48]} 8. Nf3 {[%clk 0:02:52]} Na6
{[%clk 0:02:46]} 9. O-O-O {[%clk 0:02:41]} Be6 {[%clk 0:02:36]} 10. Ng5
{[%clk 0:02:04]} Nc7 {[%clk 0:02:13]} 11. Be2 {[%clk 0:01:59]} h4
{[%clk 0:02:09]} 12. g4 {[%clk 0:01:48]} hxg3 {[%clk 0:02:09]} 13. fxg3
{[%clk 0:01:47]} Qd7 {[%clk 0:01:52]} 14. h4 {[%clk 0:01:43]} O-O-O
{[%clk 0:01:44]} 15. Rdg1 {[%clk 0:01:39]} f6 {[%clk 0:01:32]} 16. Nxe6
{[%clk 0:01:34]} Nxe6 {[%clk 0:01:26]} 17. Bg4 {[%clk 0:01:09]} fxe5
{[%clk 0:01:23]} 18. dxe5 {[%clk 0:00:54]} Rdf8 {[%clk 0:01:20]} 19. Kb1
{[%clk 0:00:48]} b6 {[%clk 0:01:12]} 20. Ne2 {[%clk 0:00:48]} Kb7
{[%clk 0:01:09]} 21. c3 {[%clk 0:00:49]} Nc5 {[%clk 0:01:02]} 22. Nd4
{[%clk 0:00:44]} Ne4 {[%clk 0:00:57]} 23. Qe2 {[%clk 0:00:43]} e6
{[%clk 0:00:55]} 24. Bf3 {[%clk 0:00:38]} Nc5 {[%clk 0:00:50]} 25. Bg2
{[%clk 0:00:34]} Nxh4 {[%clk 0:00:43]} 26. Bf1 {[%clk 0:00:35]} Nf5
{[%clk 0:00:41]} 27. b4 {[%clk 0:00:35]} Nxd4 {[%clk 0:00:36]} 28. cxd4
{[%clk 0:00:35]} Ne4 {[%clk 0:00:37]} 29. Qa6+ {[%clk 0:00:35]} Kb8
{[%clk 0:00:37]} 30. Bh3 {[%clk 0:00:27]} g5 {[%clk 0:00:35]} 31. Be3
{[%clk 0:00:24]} Rf3 {[%clk 0:00:34]} 32. Re1 {[%clk 0:00:23]} Rxg3
{[%clk 0:00:32]} 33. Ref1 {[%clk 0:00:04]} Rxe3 {[%clk 0:00:28]} 34. Bg2
{[%clk 0:00:06]} Rxh1 {[%clk 0:00:24]} 35. Rxh1 {[%clk 0:00:07]} Qe7
{[%clk 0:00:22]} 36. Rh7 {[%clk 0:00:07]} Qxb4+ {[%clk 0:00:21]} 0-1

[Event "Team Championship (women blitz)"]
[Site "Sochi"]
[Date "2017.10.05"]
[Round "7.5"]
[White "Bodnaruk, Anastasia"]
[Black "Ambartsumova, Karina"]
[Result "0-1"]
[LiveChessVersion "1.4.8"]
[BlackElo "2347"]
[WhiteElo "2439"]

1. e4 {[%clk 0:03:03]} c5 {[%clk 0:03:04]} 2. Nc3 {[%clk 0:03:04]} Nc6
{[%clk 0:03:04]} 3. Nge2 {[%clk 0:03:04]} Nf6 {[%clk 0:02:53]} 4. d4
{[%clk 0:03:04]} cxd4 {[%clk 0:02:52]} 5. Nxd4 {[%clk 0:03:05]} e6
{[%clk 0:02:52]} 6. Ndb5 {[%clk 0:02:57]} d6 {[%clk 0:02:48]} 7. Bf4
{[%clk 0:02:55]} Ne5 {[%clk 0:02:18]} 8. Bxe5 {[%clk 0:02:12]} dxe5
{[%clk 0:02:19]} 9. Qxd8+ {[%clk 0:02:12]} Kxd8 {[%clk 0:02:20]} 10. O-O-O+
{[%clk 0:02:13]} Bd7 {[%clk 0:02:19]} 11. Be2 {[%clk 0:01:47]} a6
{[%clk 0:02:19]} 12. Nd6 {[%clk 0:01:44]} Bxd6 {[%clk 0:02:17]} 13. Rxd6
{[%clk 0:01:46]} Kc7 {[%clk 0:02:12]} 14. Rhd1 {[%clk 0:01:47]} Bc6
{[%clk 0:02:07]} 15. f3 {[%clk 0:01:35]} Bd5 {[%clk 0:01:39]} 16. Nxd5+
{[%clk 0:01:26]} exd5 {[%clk 0:01:38]} 17. Rxf6 {[%clk 0:01:20]} gxf6
{[%clk 0:01:39]} 18. exd5 {[%clk 0:01:19]} Kd6 {[%clk 0:01:39]} 19. c4
{[%clk 0:01:17]} a5 {[%clk 0:01:38]} 20. b3 {[%clk 0:01:15]} h5 {[%clk 0:01:36]}
21. g3 {[%clk 0:01:09]} b6 {[%clk 0:01:23]} 22. Kd2 {[%clk 0:01:06]} f5
{[%clk 0:01:08]} 23. Ke3 {[%clk 0:00:28]} h4 24. g4 Rhg8 {[%clk 0:00:32]} 25. h3
{[%clk 0:00:30]} fxg4 {[%clk 0:00:29]} 26. fxg4 {[%clk 0:00:30]} f5
{[%clk 0:00:29]} 27. a3 {[%clk 0:00:05]} Rgf8 {[%clk 0:00:14]} 28. Rc1
{[%clk 0:00:05]} fxg4 {[%clk 0:00:05]} 29. Bxg4 {[%clk 0:00:07]} Rf4
{[%clk 0:00:05]} 30. Be6 {[%clk 0:00:05]} Raf8 {[%clk 0:00:04]} 31. Bg4
{[%clk 0:00:06]} Ra8 {[%clk 0:00:03]} 32. Be6 {[%clk 0:00:05]} Raf8 33. Bg4 Kc5
{[%clk 0:00:03]} 34. Rc2 {[%clk 0:00:05]} Rd4 {[%clk 0:00:03]} 35. Re2 Rff4 36.
Rc2 Rfe4+ 37. Kf3 Rf4+ 38. Ke3 Rde4+ 39. Kd3 Rd4+ 40. Ke3 {[%clk 0:00:12]} Rfe4+
{[%clk 0:00:11]} 41. Kf3 {[%clk 0:00:13]} Rf4+ {[%clk 0:00:13]} 42. Ke3
{[%clk 0:00:14]} a4 {[%clk 0:00:14]} 43. b4+ {[%clk 0:00:15]} Kd6
{[%clk 0:00:15]} 44. Be6 {[%clk 0:00:14]} Rfe4+ {[%clk 0:00:16]} 45. Kf3 Rf4+ 46.
Ke3 {[%clk 0:00:14]} Rxc4 {[%clk 0:00:19]} 47. Rg2 {[%clk 0:00:14]} Rc3+
{[%clk 0:00:20]} 48. Kd2 {[%clk 0:00:15]} Rxa3 {[%clk 0:00:21]} 49. Rg8
{[%clk 0:00:15]} Rd4+ {[%clk 0:00:20]} 50. Kc2 {[%clk 0:00:16]} Rxb4
{[%clk 0:00:22]} 51. Rd8+ {[%clk 0:00:16]} Ke7 {[%clk 0:00:20]} 52. Rd7+
{[%clk 0:00:17]} Kf6 {[%clk 0:00:21]} 53. Rf7+ {[%clk 0:00:19]} Kg6
{[%clk 0:00:22]} 54. d6 {[%clk 0:00:18]} Rd4 {[%clk 0:00:20]} 55. d7
{[%clk 0:00:20]} Rad3 {[%clk 0:00:19]} 56. Rf8 {[%clk 0:00:16]} Rd2+
{[%clk 0:00:19]} 57. Kc3 {[%clk 0:00:17]} R2d3+ {[%clk 0:00:15]} 58. Kc2
{[%clk 0:00:18]} Rd2+ {[%clk 0:00:16]} 59. Kc3 {[%clk 0:00:20]} a3
{[%clk 0:00:14]} 60. Ra8 {[%clk 0:00:16]} a2 {[%clk 0:00:13]} 61. Ra7
{[%clk 0:00:15]} Kf6 {[%clk 0:00:13]} 62. Bxa2 {[%clk 0:00:08]} Rxd7
{[%clk 0:00:14]} 63. Ra8 {[%clk 0:00:10]} R7d3+ {[%clk 0:00:14]} 64. Kb4
{[%clk 0:00:11]} Rxh3 {[%clk 0:00:14]} 65. Bc4 {[%clk 0:00:08]} Rd4
{[%clk 0:00:14]} 66. Kb5 {[%clk 0:00:08]} Rc3 {[%clk 0:00:13]} 67. Ba2
{[%clk 0:00:08]} h3 {[%clk 0:00:11]} 68. Rh8 {[%clk 0:00:09]} Kg7
{[%clk 0:00:10]} 69. Rh5 {[%clk 0:00:10]} Kg6 {[%clk 0:00:11]} 70. Rh8
{[%clk 0:00:11]} Kg5 {[%clk 0:00:12]} 71. Be6 {[%clk 0:00:12]} Rh4
{[%clk 0:00:12]} 72. Rg8+ {[%clk 0:00:13]} Kf6 {[%clk 0:00:13]} 73. Bd5
{[%clk 0:00:14]} Rc5+ {[%clk 0:00:14]} 0-1

[Event "Team Championship (women blitz)"]
[Site "Sochi"]
[Date "2017.10.05"]
[Round "7.6"]
[White "Nebolsina, Vera"]
[Black "Ovod, Evgenija"]
[Result "1/2-1/2"]
[LiveChessVersion "1.4.8"]
[BlackElo "2191"]
[WhiteElo "2176"]

1. e4 {[%clk 0:03:01]} e5 {[%clk 0:03:03]} 2. Nf3 {[%clk 0:03:02]} Nc6
{[%clk 0:03:05]} 3. Nc3 {[%clk 0:03:02]} Nf6 {[%clk 0:03:06]} 4. d4
{[%clk 0:03:03]} exd4 {[%clk 0:03:07]} 5. Nxd4 {[%clk 0:03:04]} Bb4
{[%clk 0:03:05]} 6. Nxc6 {[%clk 0:03:04]} bxc6 {[%clk 0:03:07]} 7. Bd3
{[%clk 0:03:04]} d5 {[%clk 0:03:06]} 8. exd5 {[%clk 0:03:05]} cxd5
{[%clk 0:03:07]} 9. O-O {[%clk 0:03:05]} O-O {[%clk 0:03:03]} 10. h3
{[%clk 0:03:05]} c6 {[%clk 0:03:02]} 11. Qf3 {[%clk 0:03:06]} h6 {[%clk 0:02:47]}
12. Bf4 {[%clk 0:03:04]} Bd6 {[%clk 0:02:43]} 13. Rad1 {[%clk 0:03:01]} Rb8
{[%clk 0:02:39]} 14. b3 {[%clk 0:03:00]} Rb4 {[%clk 0:02:37]} 15. Ne2
{[%clk 0:02:49]} Bxf4 {[%clk 0:02:15]} 16. Nxf4 {[%clk 0:02:49]} Qd6
{[%clk 0:02:13]} 17. c4 {[%clk 0:02:45]} a5 {[%clk 0:01:59]} 18. Bc2
{[%clk 0:02:39]} a4 {[%clk 0:01:50]} 19. a3 {[%clk 0:02:13]} axb3
{[%clk 0:01:39]} 20. axb4 {[%clk 0:02:09]} bxc2 {[%clk 0:01:39]} 21. Rd2
{[%clk 0:01:52]} Qxb4 {[%clk 0:01:38]} 22. Rxc2 {[%clk 0:01:48]} Ba6
{[%clk 0:01:19]} 23. Nd3 {[%clk 0:01:20]} Qb3 {[%clk 0:01:08]} 24. Rfc1
{[%clk 0:01:20]} Bxc4 {[%clk 0:01:01]} 25. Ne5 {[%clk 0:01:04]} Qxf3
{[%clk 0:00:56]} 26. gxf3 {[%clk 0:01:04]} Bb5 {[%clk 0:00:44]} 27. Nxc6
{[%clk 0:01:04]} Bxc6 {[%clk 0:00:23]} 28. Rxc6 {[%clk 0:01:04]} Kh7
{[%clk 0:00:23]} 29. Rc7 {[%clk 0:01:01]} g5 {[%clk 0:00:18]} 30. Kg2
{[%clk 0:00:52]} Kg7 {[%clk 0:00:17]} 31. f4 {[%clk 0:00:51]} Nh5
{[%clk 0:00:09]} 32. fxg5 {[%clk 0:00:51]} hxg5 {[%clk 0:00:10]} 33. Kf3
{[%clk 0:00:51]} Kg6 {[%clk 0:00:09]} 34. Rd7 {[%clk 0:00:41]} Nf4 35. h4
{[%clk 0:00:40]} f6 {[%clk 0:00:09]} 36. hxg5 {[%clk 0:00:38]} fxg5
{[%clk 0:00:11]} 37. Rc6+ {[%clk 0:00:39]} Rf6 {[%clk 0:00:11]} 38. Rxf6+
{[%clk 0:00:33]} Kxf6 {[%clk 0:00:13]} 39. Kg4 {[%clk 0:00:33]} Nd3
{[%clk 0:00:11]} 40. Rd6+ {[%clk 0:00:26]} Ke5 {[%clk 0:00:12]} 41. Rxd5+ 1/2-1/2

[Event "Team Championship (women blitz)"]
[Site "Sochi"]
[Date "2017.10.05"]
[Round "7.7"]
[White "Belenkaya, Dina"]
[Black "Shafigullina, Zarina"]
[Result "1-0"]
[LiveChessVersion "1.4.8"]
[BlackElo "2041"]
[WhiteElo "2204"]

1. e4 {[%clk 0:03:03]} c5 {[%clk 0:03:04]} 2. Nf3 {[%clk 0:03:04]} Nc6
{[%clk 0:03:05]} 3. Bb5 {[%clk 0:03:01]} g6 {[%clk 0:03:06]} 4. O-O
{[%clk 0:03:01]} Bg7 {[%clk 0:03:06]} 5. Re1 {[%clk 0:02:59]} Nf6
{[%clk 0:03:06]} 6. c3 {[%clk 0:03:00]} O-O {[%clk 0:03:05]} 7. h3
{[%clk 0:03:00]} Qb6 {[%clk 0:02:56]} 8. Bc4 {[%clk 0:03:00]} d6 {[%clk 0:02:51]}
9. d4 {[%clk 0:02:56]} cxd4 {[%clk 0:02:52]} 10. cxd4 {[%clk 0:02:57]} Nd7
{[%clk 0:02:49]} 11. d5 {[%clk 0:02:52]} Nce5 {[%clk 0:02:46]} 12. Bb3
{[%clk 0:02:50]} Nc5 {[%clk 0:02:46]} 13. Nxe5 {[%clk 0:02:36]} Bxe5
{[%clk 0:02:36]} 14. Nc3 {[%clk 0:02:31]} Nxb3 {[%clk 0:02:30]} 15. axb3
{[%clk 0:02:26]} a6 {[%clk 0:02:08]} 16. Be3 {[%clk 0:02:25]} Qc7
{[%clk 0:01:52]} 17. Na4 {[%clk 0:02:20]} b5 {[%clk 0:01:53]} 18. Nb6
{[%clk 0:02:15]} Rb8 {[%clk 0:01:47]} 19. Nxc8 {[%clk 0:02:15]} Qxc8
{[%clk 0:01:48]} 20. Qd2 {[%clk 0:02:13]} Qb7 {[%clk 0:01:44]} 21. Qa5
{[%clk 0:02:08]} Bxb2 {[%clk 0:01:36]} 22. Ra2 {[%clk 0:02:09]} Bf6
{[%clk 0:01:11]} 23. Qxa6 {[%clk 0:01:58]} Qxa6 {[%clk 0:01:11]} 24. Rxa6
{[%clk 0:01:59]} Ra8 {[%clk 0:01:11]} 25. Rb6 {[%clk 0:01:53]} Rfb8
{[%clk 0:01:12]} 26. Rc6 {[%clk 0:01:53]} Ra3 {[%clk 0:01:08]} 27. Rb1
{[%clk 0:01:53]} b4 {[%clk 0:00:44]} 28. Kf1 {[%clk 0:01:54]} Bc3
{[%clk 0:00:42]} 29. Ke2 {[%clk 0:01:53]} Rba8 {[%clk 0:00:42]} 30. Kd3
{[%clk 0:01:50]} Kf8 {[%clk 0:00:15]} 31. Kc4 {[%clk 0:01:37]} Ke8
{[%clk 0:00:15]} 32. Rc1 {[%clk 0:00:49]} Ra2 {[%clk 0:00:12]} 33. Bb6
{[%clk 0:00:33]} Rb2 {[%clk 0:00:09]} 34. Rc7 {[%clk 0:00:23]} Kf8
{[%clk 0:00:05]} 35. Be3 {[%clk 0:00:22]} Ra3 {[%clk 0:00:03]} 36. Bh6+
{[%clk 0:00:18]} Ke8 {[%clk 0:00:03]} 37. Kb5 {[%clk 0:00:18]} Raxb3
{[%clk 0:00:03]} 38. Kc6 {[%clk 0:00:19]} Bf6 {[%clk 0:00:00]} 39. Rc8#
{[%clk 0:00:19]} 1-0

[Event "Team Championship (women blitz)"]
[Site "Sochi"]
[Date "2017.10.05"]
[Round "7.8"]
[White "Belova, Olga"]
[Black "Styazhkina, Anna"]
[Result "1-0"]
[LiveChessVersion "1.4.8"]
[BlackElo "2198"]
[WhiteElo "2089"]

1. e4 {[%clk 0:03:02]} e5 {[%clk 0:03:03]} 2. Nf3 {[%clk 0:03:02]} Nc6
{[%clk 0:03:03]} 3. Bb5 {[%clk 0:03:02]} g6 {[%clk 0:02:53]} 4. c3
{[%clk 0:02:28]} Bg7 {[%clk 0:02:52]} 5. O-O {[%clk 0:02:24]} a6 {[%clk 0:02:53]}
6. Ba4 {[%clk 0:02:25]} Nge7 {[%clk 0:02:53]} 7. d4 {[%clk 0:02:26]} exd4
{[%clk 0:02:54]} 8. cxd4 {[%clk 0:02:27]} O-O {[%clk 0:02:46]} 9. Nc3
{[%clk 0:02:22]} b5 {[%clk 0:02:46]} 10. Bc2 {[%clk 0:02:09]} d6 {[%clk 0:02:45]}
11. Bf4 {[%clk 0:02:00]} Bg4 {[%clk 0:02:38]} 12. Ne2 {[%clk 0:01:11]} Bxf3
{[%clk 0:02:18]} 13. gxf3 {[%clk 0:01:11]} Qd7 {[%clk 0:01:51]} 14. Qd2
{[%clk 0:00:57]} Qh3 {[%clk 0:01:46]} 15. Bg3 {[%clk 0:00:55]} f5
{[%clk 0:00:57]} 16. Rad1 {[%clk 0:00:28]} Rae8 {[%clk 0:00:37]} 17. Nf4
{[%clk 0:00:20]} Qh6 {[%clk 0:00:34]} 18. Ne6 {[%clk 0:00:21]} Qxd2
{[%clk 0:00:13]} 19. Rxd2 {[%clk 0:00:22]} Rf7 {[%clk 0:00:12]} 20. Nxc7
{[%clk 0:00:19]} Rc8 {[%clk 0:00:11]} 21. Ne6 {[%clk 0:00:16]} Nxd4
{[%clk 0:00:05]} 22. Nxd4 {[%clk 0:00:11]} Bxd4 {[%clk 0:00:06]} 23. Bb3
{[%clk 0:00:12]} Be5 {[%clk 0:00:05]} 24. Bxe5 {[%clk 0:00:11]} dxe5
{[%clk 0:00:06]} 25. Rd7 {[%clk 0:00:09]} Kf8 {[%clk 0:00:07]} 26. Bxf7
{[%clk 0:00:09]} Kxf7 {[%clk 0:00:08]} 27. Rfd1 {[%clk 0:00:08]} Rc2
{[%clk 0:00:07]} 28. Ra7 {[%clk 0:00:09]} Ke6 {[%clk 0:00:06]} 29. Rxa6+
{[%clk 0:00:05]} Kf7 {[%clk 0:00:06]} 30. Rd7 {[%clk 0:00:06]} fxe4
{[%clk 0:00:05]} 31. Raa7 {[%clk 0:00:06]} 1-0

[Event "Team Championship (women blitz)"]
[Site "Sochi"]
[Date "2017.10.05"]
[Round "7.9"]
[White "Garifullina, Leya"]
[Black "Pogonina, Natalija"]
[Result "0-1"]
[LiveChessVersion "1.4.8"]
[BlackElo "2401"]
[WhiteElo "1872"]

1. e4 {[%clk 0:03:02]} e5 {[%clk 0:03:03]} 2. Nf3 {[%clk 0:03:03]} Nc6
{[%clk 0:03:03]} 3. Bb5 {[%clk 0:03:01]} Nf6 {[%clk 0:03:03]} 4. O-O
{[%clk 0:02:57]} Nxe4 {[%clk 0:03:02]} 5. d4 {[%clk 0:02:58]} Nd6
{[%clk 0:03:01]} 6. Bxc6 {[%clk 0:02:58]} dxc6 {[%clk 0:03:01]} 7. dxe5
{[%clk 0:02:59]} Nf5 {[%clk 0:03:02]} 8. Qxd8+ {[%clk 0:02:59]} Kxd8
{[%clk 0:03:02]} 9. Nc3 {[%clk 0:02:58]} h6 {[%clk 0:03:00]} 10. Rd1+
{[%clk 0:02:49]} Ke8 {[%clk 0:03:01]} 11. b3 {[%clk 0:02:42]} Bd7
{[%clk 0:02:56]} 12. Bb2 {[%clk 0:02:42]} Rd8 {[%clk 0:02:55]} 13. Ne2
{[%clk 0:02:39]} Bc8 {[%clk 0:02:38]} 14. c4 {[%clk 0:02:29]} Be7
{[%clk 0:02:26]} 15. h3 {[%clk 0:02:20]} h5 {[%clk 0:02:25]} 16. Ned4
{[%clk 0:01:59]} Nxd4 {[%clk 0:02:19]} 17. Bxd4 {[%clk 0:01:56]} c5
{[%clk 0:02:14]} 18. Be3 {[%clk 0:01:53]} Bf5 {[%clk 0:01:53]} 19. Rxd8+
{[%clk 0:01:27]} Kxd8 {[%clk 0:01:53]} 20. Ng5 {[%clk 0:01:09]} Bxg5
{[%clk 0:01:26]} 21. Bxg5+ {[%clk 0:01:09]} Kd7 {[%clk 0:01:27]} 22. Be3
{[%clk 0:01:07]} Kc6 {[%clk 0:01:13]} 23. Rd1 {[%clk 0:00:52]} a5
{[%clk 0:01:13]} 24. Rd2 {[%clk 0:00:29]} a4 {[%clk 0:01:10]} 25. f4
{[%clk 0:00:28]} Ra8 {[%clk 0:01:08]} 26. Kf2 {[%clk 0:00:11]} axb3
{[%clk 0:01:03]} 27. axb3 {[%clk 0:00:12]} Ra1 {[%clk 0:01:03]} 28. Rb2
{[%clk 0:00:08]} Be4 {[%clk 0:00:52]} 29. Bd2 {[%clk 0:00:04]} Rb1
{[%clk 0:00:42]} 30. Rxb1 {[%clk 0:00:05]} Bxb1 {[%clk 0:00:42]} 31. b4
{[%clk 0:00:03]} Bd3 {[%clk 0:00:39]} 0-1

[Event "Team Championship (women blitz)"]
[Site "Sochi"]
[Date "2017.10.05"]
[Round "7.10"]
[White "Girya, Olga"]
[Black "Stepanyan, Eva"]
[Result "0-1"]
[LiveChessVersion "1.4.8"]
[BlackElo "1760"]
[WhiteElo "2338"]

1. d4 {[%clk 0:03:03]} Nf6 {[%clk 0:03:04]} 2. Nf3 {[%clk 0:03:04]} e6
{[%clk 0:03:05]} 3. c4 {[%clk 0:03:04]} b6 {[%clk 0:03:05]} 4. g3
{[%clk 0:03:05]} Bb7 {[%clk 0:03:06]} 5. Bg2 {[%clk 0:03:07]} Be7
{[%clk 0:03:07]} 6. O-O {[%clk 0:03:07]} O-O {[%clk 0:03:07]} 7. Nc3
{[%clk 0:03:08]} c5 {[%clk 0:03:04]} 8. d5 {[%clk 0:03:07]} exd5 {[%clk 0:02:55]}
9. cxd5 {[%clk 0:03:08]} d6 {[%clk 0:02:50]} 10. e4 {[%clk 0:03:00]} Nbd7
{[%clk 0:02:50]} 11. Re1 {[%clk 0:03:01]} Ng4 {[%clk 0:02:40]} 12. h3
{[%clk 0:02:50]} Nge5 {[%clk 0:02:36]} 13. Nxe5 {[%clk 0:02:50]} Nxe5
{[%clk 0:02:33]} 14. f4 {[%clk 0:02:51]} Ng6 {[%clk 0:02:21]} 15. h4
{[%clk 0:02:35]} Bf6 {[%clk 0:02:00]} 16. h5 {[%clk 0:02:30]} Bd4+
{[%clk 0:01:54]} 17. Kh2 {[%clk 0:01:47]} Ne7 {[%clk 0:01:13]} 18. Nb5
{[%clk 0:01:37]} f5 {[%clk 0:01:09]} 19. Nxd4 {[%clk 0:01:34]} cxd4
{[%clk 0:01:08]} 20. Qxd4 {[%clk 0:01:30]} Qe8 {[%clk 0:00:59]} 21. Bf3
{[%clk 0:00:39]} fxe4 {[%clk 0:00:58]} 22. Rxe4 {[%clk 0:00:32]} Qf7
{[%clk 0:00:56]} 23. Bd2 {[%clk 0:00:20]} Nf5 {[%clk 0:00:31]} 24. Qf2
{[%clk 0:00:12]} Bxd5 {[%clk 0:00:31]} 25. Re2 {[%clk 0:00:13]} Bxf3
{[%clk 0:00:30]} 26. Qxf3 {[%clk 0:00:13]} Nd4 {[%clk 0:00:31]} 27. Qg4
{[%clk 0:00:14]} Nxe2 {[%clk 0:00:31]} 28. Qxe2 {[%clk 0:00:15]} Rae8
{[%clk 0:00:32]} 29. Qf3 {[%clk 0:00:16]} Qe7 {[%clk 0:00:23]} 30. Bc3
{[%clk 0:00:16]} Qe2+ {[%clk 0:00:22]} 31. Qg2 {[%clk 0:00:15]} Qxh5+
{[%clk 0:00:21]} 32. Kg1 {[%clk 0:00:14]} Re2 {[%clk 0:00:20]} 33. Qh1
{[%clk 0:00:07]} Qc5+ 0-1

[Event "Team Championship (women blitz)"]
[Site "Sochi"]
[Date "2017.10.05"]
[Round "7.11"]
[White "Chekletsova, Darya"]
[Black "Nechaeva, Marina"]
[Result "0-1"]
[LiveChessVersion "1.4.8"]
[BlackElo "2347"]
[WhiteElo "1383"]

1. d4 {[%clk 0:03:03]} d5 {[%clk 0:03:03]} 2. c4 {[%clk 0:03:04]} c6
{[%clk 0:03:04]} 3. cxd5 {[%clk 0:03:04]} cxd5 {[%clk 0:03:05]} 4. Nc3
{[%clk 0:03:04]} Nf6 {[%clk 0:03:06]} 5. Bg5 {[%clk 0:03:05]} Nc6
{[%clk 0:03:05]} 6. Nf3 {[%clk 0:03:05]} e6 {[%clk 0:02:54]} 7. e3
{[%clk 0:03:04]} h6 {[%clk 0:02:52]} 8. Bh4 {[%clk 0:03:04]} g5 {[%clk 0:02:47]}
9. Bg3 {[%clk 0:03:05]} Nh5 {[%clk 0:02:48]} 10. Bd3 {[%clk 0:03:03]} Nxg3
{[%clk 0:02:49]} 11. hxg3 {[%clk 0:03:04]} Bg7 {[%clk 0:02:50]} 12. a3
{[%clk 0:03:01]} O-O {[%clk 0:02:50]} 13. O-O {[%clk 0:03:00]} Re8
{[%clk 0:02:50]} 14. Kh2 {[%clk 0:03:01]} a6 {[%clk 0:02:30]} 15. Rh1
{[%clk 0:03:00]} g4 {[%clk 0:02:29]} 16. Nd2 {[%clk 0:02:54]} e5 {[%clk 0:02:29]}
17. dxe5 {[%clk 0:02:47]} d4 {[%clk 0:02:10]} 18. exd4 {[%clk 0:02:28]} Qxd4
{[%clk 0:02:11]} 19. Bb1 {[%clk 0:02:23]} Qxe5 {[%clk 0:01:52]} 20. Nde4
{[%clk 0:02:01]} Be6 {[%clk 0:01:33]} 21. Qc2 {[%clk 0:01:56]} Nd4
{[%clk 0:01:32]} 22. Qd1 {[%clk 0:01:35]} Rad8 {[%clk 0:01:33]} 23. Qa4
{[%clk 0:01:24]} b5 {[%clk 0:01:09]} 24. Qxa6 {[%clk 0:01:16]} Ne2
{[%clk 0:00:54]} 25. Qxb5 {[%clk 0:01:02]} Qxb5 {[%clk 0:00:55]} 26. Nxb5
{[%clk 0:01:02]} Rd5 {[%clk 0:00:56]} 27. Nc7 {[%clk 0:00:19]} Rh5#
{[%clk 0:00:57]} 0-1

[Event "Team Championship (women blitz)"]
[Site "Sochi"]
[Date "2017.10.05"]
[Round "7.12"]
[White "Kovanova, Baira"]
[Black "Murzina, Agata"]
[Result "1-0"]
[LiveChessVersion "1.4.8"]
[BlackElo "1764"]
[WhiteElo "2286"]

1. Nf3 {[%clk 0:03:01]} d5 {[%clk 0:03:01]} 2. g3 {[%clk 0:03:00]} c6
{[%clk 0:03:00]} 3. Bg2 {[%clk 0:03:01]} g6 {[%clk 0:03:00]} 4. O-O
{[%clk 0:02:58]} Bg7 {[%clk 0:03:01]} 5. d4 {[%clk 0:02:58]} Bg4 {[%clk 0:02:56]}
6. Ne5 {[%clk 0:02:55]} Bf5 {[%clk 0:02:54]} 7. c3 {[%clk 0:02:42]} Nd7
{[%clk 0:02:49]} 8. Nd3 {[%clk 0:02:29]} e5 {[%clk 0:02:34]} 9. dxe5
{[%clk 0:02:24]} Nxe5 {[%clk 0:02:34]} 10. Bf4 {[%clk 0:02:18]} Nc4
{[%clk 0:01:42]} 11. Nd2 {[%clk 0:01:31]} Nb6 {[%clk 0:01:08]} 12. Nb3
{[%clk 0:01:22]} Nf6 {[%clk 0:00:50]} 13. Nd4 {[%clk 0:01:22]} Bd7
{[%clk 0:00:48]} 14. a4 {[%clk 0:01:19]} a5 {[%clk 0:00:34]} 15. Nc5
{[%clk 0:01:19]} Bc8 {[%clk 0:00:27]} 16. e4 {[%clk 0:01:07]} O-O
{[%clk 0:00:11]} 17. e5 {[%clk 0:01:06]} Nfd7 {[%clk 0:00:11]} 18. Nxd7
{[%clk 0:00:59]} Bxd7 {[%clk 0:00:10]} 19. Re1 {[%clk 0:00:57]} Re8
{[%clk 0:00:10]} 20. h4 {[%clk 0:00:46]} Nc4 {[%clk 0:00:10]} 21. Qb3
{[%clk 0:00:39]} Qc8 {[%clk 0:00:08]} 22. Nf3 {[%clk 0:00:35]} Ra7
{[%clk 0:00:05]} 23. Rad1 {[%clk 0:00:34]} Ra6 {[%clk 0:00:06]} 24. Rd3
{[%clk 0:00:21]} Rb6 {[%clk 0:00:06]} 25. Qc2 {[%clk 0:00:20]} Rxb2
{[%clk 0:00:06]} 26. Qc1 {[%clk 0:00:21]} Rb6 {[%clk 0:00:07]} 27. Bh6
{[%clk 0:00:20]} Bxe5 {[%clk 0:00:05]} 28. Nxe5 {[%clk 0:00:20]} Nxe5
{[%clk 0:00:06]} 29. Rdd1 {[%clk 0:00:11]} Nc4 {[%clk 0:00:06]} 30. Qf4
{[%clk 0:00:11]} c5 {[%clk 0:00:04]} 31. Bxd5 {[%clk 0:00:11]} Rxe1+
{[%clk 0:00:04]} 32. Rxe1 Na3 {[%clk 0:00:03]} 33. Qxf7+ {[%clk 0:00:12]} Kh8
{[%clk 0:00:04]} 34. Qg7# {[%clk 0:00:12]} 1-0